000
00323nam a2200145Ia 4500
008
230718s9999 xx 000 0 und d
041
_a
Eng.
082
_a
823
_b
MIC-S
100
_a
Michael grant
245
0
_a
Selected paliical
260
_a
Pakistan
_b
Michael Grac
_c
369
300
_a
335
650
_a
Law
999
_c
26157
_d
26157